| 000 | 01234nam a2200265 a 4500 | ||
|---|---|---|---|
| 999 |
_c2284 _d2284 |
||
| 005 | 20191224041631.0 | ||
| 008 | 941019m19901993ck ab b 000 0 spa | ||
| 040 |
_aDLC _cDLC _dCO-BoIAVH |
||
| 041 | _aspa | ||
| 043 | _acl----- | ||
| 082 | 0 | 4 |
_a306.4 _bP29h |
| 100 | 1 | _aPatiño, Víctor Manuel. | |
| 245 | 1 | 0 |
_aHistoria de la cultura material en la América equinoccial : _bTomo I. Alimentación y alimentos / _cVíctor Manuel Patiño. |
| 260 |
_aBogotá (Colombia) : _bInstituto Caro y Cuervo, _c1990-1993. |
||
| 300 |
_a8 v. : _bill., maps ; _c23 cm. |
||
| 504 | _aIncluye referenncias bibliográficas: Páginas [251]-332. | ||
| 505 | 0 | _at. 1. Alimentación y alimentos -- t. 2. Vivienda y menaje -- t. 3. Vías, transportes, comunicaciones -- t. 4. Vestidos, adornos y vida social -- t. 5. Tecnología -- t. 6. Comercio -- t. 7. Vida erótica y costumbres higiénicas -- t. 8. Trabajo y erología. | |
| 650 | 0 |
_aMaterial culture _zLatin America. |
|
| 650 | 0 |
_aIndians _xHistory. |
|
| 650 | 0 |
_aIndians _xAntiquities. |
|
| 651 | 0 |
_aLatin America _xHistory. |
|
| 651 | 0 |
_aLatin America _xSocial life and customs. |
|
| 651 | 0 |
_aLatin America _xAntiquities. |
|
| 942 |
_2ddc _cLIBRO |
||